Statistics for Kategorie věcí týkajících se ČR o 4 odpovědích

Click here to take the quiz!

General Stats

  • This quiz has been taken 938 times
    (847 since last reset)
  • The average score is 25 of 48

Answer Stats

HintAnswer% Correct
Sousední zeměNěmecko
100%
Polsko
100%
Slovensko
100%
Rakousko
99%
Největší české řeky**Vltava
94%
Labe
93%
Slovesa v české hymněhučet (voda hučí po lučinách)
88%
šumět (bory šumí po skalinách)
87%
být (a to je ta krásná země)
83%
Národní park Šumava
82%
Národní parky v ČeskuKrkonošský národní park (KRNAP)
79%
Lucemburští panovníci v ČeskuJan Lucemburský
76%
Morava
76%
skvět se (v sadě skví se jara květ)
74%
Fifinka
69%
Národní park České Švýcarsko
63%
Eliška (Alžběta) Pomořanská
62%
Karel IV.
61%
Myšpulín
58%
Emil Zátopek
57%
Postavy ve ČtyřlístkuBobík
56%
Rakousko-uherská koruna
54%
Měny za Českého královstvíPražský groš
53%
Ohře
50%
Pinďa
50%
lékařská
49%
Zikmund Lucemburský
48%
Jáchymovský tolar
47%
Národní park Podyjí
47%
Václav IV.
45%
právnická
43%
Manželky Karla IV.*Blanka z Valois
41%
Martina Sáblíková
41%
teologická
40%
Nejúspěšnější čeští olympionici***Věra Čáslavská
40%
Anna Svídnická
36%
užovka obojková
33%
Svarožic (Dažbog)
30%
Anna Falcká
29%
Perun
27%
Rakousko-uherský zlatý (florin)
18%
Původní 4 fakulty na Univerzitě Karlověartistická
15%
Kateřina Neumannová
12%
užovka stromová
10%
užovka podplamatá
6%
Užovky v ČRužovka hladká
5%
Hlavní slovanští bohové:Svarog
3%
Veles
2%

Score Distribution

Percentile by Number Answered

Percent of People with Each Score

Your Score History

You have not taken this quiz since the last reset